ՀՀ Գիտությունների ազգային ակադեմիայի հիմնարար գիտական գրադարան  =   Fundamental Scientific Library of NAS RA

Библиография научных работ сотрудников Смоленского государственного медицинского института (1920-1959 гг.) / (Record no. 501562)

MARC details
000 -LEADER
fixed length control field 01098nam a2200229 a 4500
001 - CONTROL NUMBER
control field 000965304
003 - CONTROL NUMBER IDENTIFIER
control field AM-YeHGA
005 - DATE AND TIME OF LATEST TRANSACTION
control field 20250617163137.0
008 - FIXED-LENGTH DATA ELEMENTS--GENERAL INFORMATION
fixed length control field 130530s1960 ru r 000 0 rus d
040 ## - CATALOGING SOURCE
Original cataloging agency AM-YeHGA
041 0# - LANGUAGE CODE
Language code of text/sound track or separate title rus
090 ## - LOCALLY ASSIGNED LC-TYPE CALL NUMBER (OCLC); LOCAL CALL NUMBER (RLIN)
-- 504976
110 2# - MAIN ENTRY--CORPORATE NAME
Corporate name or jurisdiction name as entry element Смоленский государственный медицинский институт
245 10 - TITLE STATEMENT
Title Библиография научных работ сотрудников Смоленского государственного медицинского института (1920-1959 гг.) /
Statement of responsibility, etc. Сост. О.П. Карцева и др.; Отв. ред. Г.М. Стариков; Мин. здравоохр. РСФСР.
260 ## - PUBLICATION, DISTRIBUTION, ETC.
Place of publication, distribution, etc. Смоленск :
Name of publisher, distributor, etc. Б. и.,
Date of publication, distribution, etc. 1960.
300 ## - PHYSICAL DESCRIPTION
Extent 311 с. ;
Dimensions 20 см.
504 ## - BIBLIOGRAPHY, ETC. NOTE
Bibliography, etc. note Библиогр. в подстроч. примеч.
650 14 - SUBJECT ADDED ENTRY--TOPICAL TERM
Topical term or geographic name entry element Библиография изданий
700 1# - ADDED ENTRY--PERSONAL NAME
Personal name Стариков, Г.М.
Relator term ред.
Relationship edt
700 1# - ADDED ENTRY--PERSONAL NAME
Personal name Карцева, О.П.
Relator term сост.
Relationship com
710 2# - ADDED ENTRY--CORPORATE NAME
Corporate name or jurisdiction name as entry element Министерство здравоохранения РСФСР
Holdings
Withdrawn status Lost status Source of classification or shelving scheme Damaged status Not for loan Collection Home library Current library Date acquired Total checkouts Full call number Barcode Date last seen Price effective from Koha item type Public note
    Universal Decimal Classification     General Fundamental Scientific Library Fundamental Scientific Library 14/11/2019   PII/24259 FL0609400 14/11/2019 14/11/2019 Գրքեր / Books 30 Days Loan


ՀՀ ԳԱԱ հիմնարար գիտական գրադարան
ՀՀ,Երևան 0019
Մարշալ Բաղրամյան 24/6
հեռախոս:(374-10) 52-47-50
Հետադարձ կապ

All site content, except where otherwise noted, is licensed under a
Creative Commons License